000 00583nam a22001337a 4500
008 140820b xxu||||| |||| 00| 0 eng d
020 _a0406094969
050 _aKD276.3.L39(1936)
245 _aThe Law Reports(1936) Chancery division: of the incorporated council of law reporting, supreme court of judicature cases determined in the chancery division and in lunacy and on appeal therefrom in the court of appeal. /
_cedited by Pollock, Frederick.
260 _aLondon:
_bButterworth & Co Ltd,
_c1936.
300 _axiii,760p.:
_c24cm.
440 _pChancery division
942 _2lcc
_cBK
999 _c3574
_d11074